Sports Quiz

Random Sports or Baseball Quiz

MLB Expansion Teams' Last Active Player Quiz Stats

 Plays Quiz not verified by Sporcle

Challenge
Share
Tweet
Embed
Score 0/14 Timer 04:00
0 Plays Today
Expansion Team Player % Correct
1962 New York MetsEd Kranepool
64.3%
1969 Montreal ExposRusty Staub
52.4%
1993 Colorado RockiesVinny Castilla
50%
1993 Florida MarlinsTrevor Hoffman
47.6%
1961 Los Angeles AngelsJim Fregosi
40.5%
1998 Tampa Bay Devil RaysMiguel Cairo
26.2%
1969 Kansas City RoyalsBuck Martinez
23.8%
Expansion Team Player % Correct
1998 Arizona DiamondbacksJeff Suppan
23.8%
1977 Seattle MarinersRick Honeycutt
21.4%
1961 Washington SenatorsEd Brinkman
16.7%
1977 Toronto Blue JaysRick Cerone
16.7%
1969 San Diego PadresJoe Niekro
14.3%
1969 Seattle PilotsFred Stanley
14.3%
1962 Houston Colt .45sDave Giusti
11.9%

You're not logged in!

Compare scores with friends on all Sporcle quizzes.
Join for Free
OR
Log In

You Might Also Like...

Show Comments

Extras

Top Quizzes Today


Score Distribution

Your Account Isn't Verified!

In order to create a playlist on Sporcle, you need to verify the email address you used during registration. Go to your Sporcle Settings to finish the process.

Report this User

Report this user for behavior that violates our Community Guidelines.

Details: